<?xml version="1.0" encoding="UTF-8"?>
<record
    xmlns:xsi="http://www.w3.org/2001/XMLSchema-instance"
    xsi:schemaLocation="http://www.loc.gov/MARC21/slim http://www.loc.gov/standards/marcxml/schema/MARC21slim.xsd"
    xmlns="http://www.loc.gov/MARC21/slim">

  <leader>01431nam a2200205   4500</leader>
  <controlfield tag="005">20260216113447.0</controlfield>
  <controlfield tag="008">260204b        |||||||| |||| 00| 0 eng d</controlfield>
  <datafield tag="020" ind1=" " ind2=" ">
    <subfield code="a">9780764363191</subfield>
  </datafield>
  <datafield tag="041" ind1=" " ind2=" ">
    <subfield code="a">English</subfield>
  </datafield>
  <datafield tag="082" ind1=" " ind2=" ">
    <subfield code="b">LAW</subfield>
    <subfield code="a">746.43</subfield>
  </datafield>
  <datafield tag="100" ind1=" " ind2=" ">
    <subfield code="a">Lawson Rachel</subfield>
    <subfield code="9">216588</subfield>
  </datafield>
  <datafield tag="245" ind1=" " ind2=" ">
    <subfield code="a">Punch Needle: Fifteen Contemporary Projects</subfield>
  </datafield>
  <datafield tag="260" ind1=" " ind2=" ">
    <subfield code="b">Schiffer Publishing</subfield>
    <subfield code="c">2022</subfield>
  </datafield>
  <datafield tag="300" ind1=" " ind2=" ">
    <subfield code="a">128</subfield>
  </datafield>
  <datafield tag="365" ind1=" " ind2=" ">
    <subfield code="b">1635.63</subfield>
    <subfield code="c">Rs.00</subfield>
  </datafield>
  <datafield tag="520" ind1=" " ind2=" ">
    <subfield code="a">INTRODUCTION   
How to Use This Book   
TOOLS AND MATERIALS    
&#x2022;	Punch Needle Tools    
&#x2022;	Fabric    
&#x2022;	Yarn    
&#x2022;	Frames    
&#x2022;	Essential Extras    
PREPARATION    
&#x2022;	How to Stretch the Fabric    
&#x2022;	How to Thread the Needle    
&#x2022;	How to Transfer the Design    
&#x2022;	Punch Needle Techniques    
&#x2022;	Problem-Solving    
FINISHING TECHNIQUES    
&#x2022;	Hemming    Whipstitch    
&#x2022;	Ladder Stitch    
&#x2022;	Backstitch    
&#x2022;	Tacking or Basting Stitch    
&#x2022;	Iron Press    
&#x2022;	Sewing Machine    
PROJECTS    
&#x2022;	Large Wall Hanging    
&#x2022;	Hexagon Cushion    
&#x2022;	Trivet    
&#x2022;	Mini Patches    
&#x2022;	Mushroom Toy    
&#x2022;	Mini Wall Hanging    
&#x2022;	Turtle Toy    
&#x2022;	Wall Storage Baskets    
&#x2022;	Tech Case    
&#x2022;	Hanging Plant Pot    
&#x2022;	Round Sunset Cushion    
&#x2022;	Square Abstract Cushion    
&#x2022;	Small Rug     
&#x2022;	Cross-Body Bag     
&#x2022;	Tote Bag     
TEMPLATES     

</subfield>
  </datafield>
  <datafield tag="650" ind1=" " ind2=" ">
    <subfield code="a">Knitting</subfield>
  </datafield>
  <datafield tag="700" ind1=" " ind2=" ">
    <subfield code="a">Watt Siobhan</subfield>
    <subfield code="9">216589</subfield>
  </datafield>
  <datafield tag="942" ind1=" " ind2=" ">
    <subfield code="c">BK</subfield>
  </datafield>
  <datafield tag="999" ind1=" " ind2=" ">
    <subfield code="c">370305</subfield>
    <subfield code="d">370305</subfield>
  </datafield>
  <datafield tag="952" ind1=" " ind2=" ">
    <subfield code="0">0</subfield>
    <subfield code="1">0</subfield>
    <subfield code="2">ddc</subfield>
    <subfield code="4">0</subfield>
    <subfield code="7">0</subfield>
    <subfield code="a">SOFT</subfield>
    <subfield code="b">SOFT</subfield>
    <subfield code="d">2026-02-03</subfield>
    <subfield code="e">Design Book Studio</subfield>
    <subfield code="g">1635.63</subfield>
    <subfield code="i">284</subfield>
    <subfield code="l">0</subfield>
    <subfield code="o">746.43 LAW</subfield>
    <subfield code="p">SOFT-BK-4931</subfield>
    <subfield code="r">2026-02-04 12:08:00</subfield>
    <subfield code="t">33%</subfield>
    <subfield code="v">2441.25</subfield>
    <subfield code="w">2025-12-12</subfield>
    <subfield code="y">BK</subfield>
  </datafield>
</record>
